=LDR 00000nam 2200000 4500 =001 INLIS000000000005617 =005 20200316094721 =035 ##$$a 0010-061300000005617 =008 200316################g##########0#ind## =041 ##$$a Ind =082 ##$$a 220.892 94 =090 ##$$a 220.892 94, Nai n =100 #$$a Naipospos, P.S =245 1#$$a Nama-nama pribadi dalam alkitab, /$c P.S. Naipospos, J.J. de Ileer. =260 ##$$a Jakarta :$b Gunung Mulia,$c 1990 =300 ##$$a 116 hlm, 18 cm ; $c 13 x 18 cm =650 #4$$a Alkitab-Nama Pribadi =850 ##$$a NBPNMAT =020 ##$$a 979-415-285-4 =084 ##$$a 220.892 94 NAI n =250 ##$$a cet.4 =990 ##$$a DW00021923 =990 ##$$a DW00021923